| 000 | 00909nam a22002297a 4500 | ||
|---|---|---|---|
| 005 | 20240530110855.0 | ||
| 008 | 211004s2017 ua a g b 000 0 ara d | ||
| 017 |
_bمصر. دار الكتب _a2011/2943 |
||
| 020 | _a9789777044479 | ||
| 040 |
_aEG-CaGPL _cEG-CaGPL |
||
| 082 | 0 | 4 |
_221 _a784.03\ _bف آ |
| 100 | 0 | _aفتحى الصنفاوى | |
| 245 | 1 | 2 |
_aالالات الموسيقية والانسان : _cفتحى الصنفاوى _bالزمان والمكان : موسوعة الالات الموسيقية عبر التاريخ / |
| 250 | _aط.1 | ||
| 260 |
_aالقاهرة : _bالمجلس الاعلى للثقافة، _c2017 |
||
| 300 |
_a2 جزء ؛ _c24 سم. |
||
| 650 | 0 | 7 |
_2qrmak _aالالات الموسيقية |
| 650 | 0 | 7 |
_aالالات الموسيقية _2qrmak _vموسوعات |
| 650 | 0 | 7 |
_aالالات الموسيقية _xتاريخ |
| 651 | _2qrmak | ||
| 942 |
_2ddc _cBK |
||
| 999 |
_c66029 _d66029 |
||